| 000 | 00518nam a2200205Ia 4500 | ||
|---|---|---|---|
| 003 | LK-CoDNM | ||
| 005 | 20241203100207.0 | ||
| 008 | 010623t1975 xxu||||| |||| 00| 1 sin d | ||
| 040 |
_aLK-CoDNM _dLK-CoDNM _eLK-CoDNM |
||
| 041 | _asin | ||
| 080 |
_ax 294..331 _bDAS |
||
| 100 | _aDe Silva, K.H. | ||
| 245 | _aඅමරපුර වංශය | ||
| 246 | _aAmarapura Vansaya | ||
| 260 |
_bDepartment of Cultural Affairs _c1975 |
||
| 300 | _b20p. ; 24 cm | ||
| 650 | _a1975 | ||
| 650 | _aBuddhism | ||
| 942 | _cBK | ||
| 999 |
_c109615 _d109615 |
||